| Record ID | marc_records_scriblio_net/part11.dat:127794639:952 |
| Source | Scriblio |
| Download Link | /show-records/marc_records_scriblio_net/part11.dat:127794639:952?format=raw |
LEADER: 00952nam 2200241 i 4500
001 79092159
003 DLC
005 19800324000000.0
008 800320s1979 dcuaf b 00010 eng
010 $a 79092159
020 $a0892060107
043 $aa-cc---
050 0 $aHD9576.C52$bC37
082 $a338.2/7282/0951
100 10 $aCarlson, Sevinc.
245 10 $aChina's oil :$bproblems and prospects /$cby Sevinc Carlson.
260 0 $a[Washington, D.C.] :$bCenter for Strategic & International Studies,$c1979.
300 $a128 p., [1] fold. leaf of plates :$bill. ;$c28 cm.
490 1 $aMonograph - Center Strategic & International Studies
504 $aBibliography: p. [125]-128.
650 0 $aPetroleum industry and trade$zChina.
650 0 $aPower resources$zChina.
810 2 $aGeorgetown University, Washington, D.C.$bCenter for Strategic and International Studies.$bMonograph - Georgetown University Center for Strategic & International Studies.